000
00291nam a22001337a 4500
008
170216b xxu||||| |||| 00| 0 eng d
020
_a
9780176407919
041
_a
eng
080
_2
1ST
_a
61
100
_a
4
101
_a
SHM
245
_a
INTRODUCTION TO HEALTH
_c
HALES, D
942
_2
udc
_c
BK
999
_c
5687
_d
5687